W którym polskim mieście jest port lotniczy? - Statystyki

Ogólne statystyki
  • Ten quiz został rozwiązany 77 razy
  • Średni wynik to 13 z 15
Statystyki odpowiedzi
Odpowiedź % Poprawnych
Gdańsk
99%
Kraków
99%
Warszawa
99%
Szczecin
96%
Katowice
95%
Wrocław
93%
Łódź
90%
Poznań
90%
Rzeszów
90%
Lublin
86%
Radom
85%
Bydgoszcz
82%
Olsztyn
71%
Zielona Góra
68%
Modlin
40%
Nie znaleziono quizów pasujących do podanych kryteriów
Rozkład punktacji
Procent ludzi z każdym wynikiem
Percentyl według liczby udzielonych odpowiedzi
Twoja historia wyników
Nie rozwiązałeś tego quizu